Statistiken für Österreichische Athleten nach Sportart

Klicken Sie hier um das Quiz zu spielen!

Allgemein

  • Dieses Quiz wurde 246 mal gespielt
  • Das Durchschnittsergebnis liegt bei 10 aus 20

Antwortstatistiken

AthletSport% Korrekt
David AlabaFußball
99%
Niki LaudaFormel 1
91%
Hermann MaierSki Alpin
86%
Thomas MorgensternSkispringen
82%
Thomas MusterTennis
68%
Dominik LandertingerBiathlon
66%
Felix GottwaldNordische Kombination
50%
Markus RoganSchwimmen
48%
Jakob PöltlBasketball
47%
Thomas VanekEishockey
44%
Bernd WiesbergerGolf
42%
Clemens DopplerBeachvolleyball
41%
Werner SchlagerTischtennis
39%
Julia DujmovitsSnowboard
38%
Matthias WalknerMotocross
33%
Wolfgang LingerRodeln
33%
Jasmin OuschanBillard
27%
Ludwig PaischerJudo
21%
Roman HagaraSegeln
21%
Ray WerschingAmerican Football
11%

Verteilung der Resultate

Perzentil nach korrekt beantworteten Fragen

Anzahl Personen mit jedem Resultat

Ihre Resultats-Entwicklung

Sie haben dieses Quiz noch nicht gespielt